000 00553nam a2200193Ia 4500
005 20250508150703.0
008 008 250505s9999 xx 000 0 eng d
037 _aTextual
040 _aFEDL
_beng
_cFEDL
041 _aeng
_2eng
084 _a155.45, WAL
_qFEDL
100 _aWallin J.E. Wallace
_9755515
245 0 _aChildren with mental and psysical handicaps
260 _aNew York, USA
_bPrentice-Hall
_c1949
300 _axxii,549p.
650 _aChild Psychology
942 _cTEXL
_h155.45, WAL
999 _c1325054
_d1325054